000 00307nam a22001337a 4500
008 170508b xxu||||| |||| 00| 0 eng d
020 _a9780130851246
041 _aeng
080 _28TH
_a343.9
100 _a15
101 _aSHJ
245 _aINTRODUCTION TO CRIMINOLOGY
_cKAUZLARICH, D
942 _2udc
_cBK
999 _c12933
_d12933